000 00310nam a22001337a 4500
003 SGT
020 _a9781304907349
082 _a306.768
_bROY
100 _aROY KRISHENDU
245 _aLGBTQIA COMMUNITY AND HUMAN RIGHTS
260 _aLONDON
_bINFINITY PUBLICATION
_c2023
300 _a274
942 _2ddc
_cBK
_01
999 _c28743
_d28743